| 000 | 00427nam a2200169 a 4500 | ||
|---|---|---|---|
| 005 | 20140414132136.0 | ||
| 008 | 131127s19uu xx 00 eng d | ||
| 020 | _a9789715119474 | ||
| 050 |
_aFIL 700 _bCho545 2009 |
||
| 100 | _aChong, Grace | ||
| 245 | _aGod's favorite color. | ||
| 260 |
_aBoni Ave : _bOMF, _cc2009. |
||
| 300 | _a28 | ||
| 500 | _aappropriate for ages 5 and below | ||
| 650 | _aColor- | ||
| 999 |
_c115317 _d115317 |
||